| 000 | 00782cam a2200265 a 4500 | ||
|---|---|---|---|
| 001 | 147822 | ||
| 003 | OSt | ||
| 005 | 20180921 | ||
| 008 | 000000 AN 0000000000 00 | ||
| 100 | _aGonzález, Antonio J. | ||
| 245 |
_aTratado moderno de economía general / _cTratado moderno de economía general / |
||
| 250 | _a2 rev. y ampl. | ||
| 260 |
_a[s. l.] : _b[s. n.] |
||
| 300 | _a568 p. | ||
| 504 | _aIncluye índice | ||
| 650 |
_aECONOMIA _aTEORIA ECONOMICA |
||
| 700 | _aI. Maza Zavala, Domingo Felipe, 1922- | ||
| 040 |
_aDLC _cDLC |
||
| 942 |
_2ddc _cBK |
||
| 999 |
_c147822 _d14782200 |
||